01240nam a2200145 4500008004100000020001800041082002300059100002300082245005500105260005500160300002400215440003900239505076000278650005601038190829b xxu||||| |||| 00| 0 eng d a9789930572009 a362.839.6bSch392a aSchumacher, Camila aAtrevidas:brelatos polifónicos de mujeres trans aSan José, Costa RicabEdiciones Perro Azulc2019 a160 p.c14 x 21 cm  aColección Crónica no/ficción tPrólogotLos niños que odiaban los espejostEncaje tDos tazastSin palabrastJabóntLa sa(n)grada familia tMadretHijatHermanastPadre tCon pan y chorizotSilenciotHerencia tHasta la tumbatPasar lista tCuerpos nativos tLa mujer que en mí dormía t10 kilos de pechuga tLa noche es otro país tA la puta, calle tA puntotNo culpes a la noche tPlegaria del semáforotHuyo de mí / nada soy tLa troupe del circo tLos goces de Europa tDomingo de Resurrección tIrina - Valentina - Barcelona tTrans las rejas tLas reinas de la Peni tPresas de amortLa libertad, una condenatSolo los ríos tAdultas menores tEsperanza de vida tEl hábito no hace a la monja tFotos de las de antes tSeñora tAgradecimientos tGlosario  xmujeres transxliteraturaxno ficciónxCosta Rica